Only Living US President Quiz Stats

 Plays Quiz Updated Oct 25, 2018

Score 0/6 Timer 02:00
13 Plays Today
President % Correct
George Washington
92.4%
John Adams
76.7%
Theodore Roosevelt
73.9%
Richard Nixon
64.1%
Herbert Hoover
52.2%
Ulysses S. Grant
51.1%

You're not logged in!

Compare scores with friends on all Sporcle quizzes.
OR
Log In

Sporcle TV

Today on Sporcle TV


Watch our educational content, quiz creation guides, and fun videos on Sporcle TV.

Show Comments

Extras

Top Quizzes Today


Score Distribution

Your Account Isn't Verified!

In order to create a playlist on Sporcle, you need to verify the email address you used during registration. Go to your Sporcle Settings to finish the process.

Report this User

Report this user for behavior that violates our Community Guidelines.

Details: